000 00614nas a2200217 4500
001 BR9600040
003 BR-BrBNA
005 20231205095643.0
007 ta
008 230509b bl.|||p| |||| 00| 00por d
040 _aBR-BrBNA
_bpor
_cBiblioteca Nacional de Agricultura
041 _a(Pt)
072 _aF02
100 1 _aAnon.
245 1 _aRoseira pega de galho mas por enxerto e mais facil
650 _aRosa
650 _aEnxerto
773 0 _tAgricultura e Pecuaria (Brazil)
_xISSN 0100-249X
_g(Sep 1974), no. 593 p. 6-7
_wBR9600040
909 _a202311
_bLúcia
_c55
_dLúcia Elande
942 _2AGRIS
_n0
_cANA
999 _c151939
_d151939